[Event "Gotth' Art Cup GM"]
[Site "Szentgotthard HUN"]
[Date "2010.02.22"]
[Round "1"]
[White "Prohaszka,P2"]
[Black "Portisch,L"]
[Result "1/2-1/2"]
[WhiteElo "2501"]
[BlackElo "2519"]
[EventDate "2010.02.22"]

1. d4 Nf6 2. c4 e6 3. Nf3 d5 4. g3 Bb4+ 5. Bd2 Be7 6. Bg2 O-O 7. O-O Nbd7
8. Qc2 c6 9. Rd1 b6 10. Bf4 Bb7 11. Nc3 dxc4 12. Nd2 Nd5 13. Nxc4 Nxf4 14.
gxf4 Qc7 15. e3 Rfd8 16. Rac1 Rac8 17. a3 Nf6 18. Ne5 c5 19. dxc5 Bxg2 20.
Kxg2 Bxc5 21. Rxd8+ Rxd8 22. Rd1 Rc8 23. Qd3 g6 24. Qa6 Qb8 25. Nd7 Qa8+
26. Kg1 Be7 27. Ne5 1/2-1/2

[Event "Gotth' Art Cup GM"]
[Site "Szentgotthard HUN"]
[Date "2010.02.22"]
[Round "1"]
[White "Neubauer,M"]
[Black "Ftacnik,L"]
[Result "1-0"]
[WhiteElo "2465"]
[BlackElo "2546"]
[EventDate "2010.02.22"]

1. d4 Nf6 2. c4 e6 3. Nf3 d5 4. Bg5 Nbd7 5. e3 c6 6. Nc3 Qa5 7. cxd5 Nxd5
8. Rc1 Bb4 9. Qd2 Nxc3 10. bxc3 Ba3 11. Rb1 b6 12. Bd3 Bb7 13. O-O O-O 14.
Qc2 h6 15. Bf4 Be7 16. e4 Qh5 17. Rfe1 Rfd8 18. h3 Rac8 19. c4 e5 20. Nxe5
Nxe5 21. dxe5 Bc5 22. Be2 Qh4 23. Bg4 Ra8 24. e6 Qf6 25. Be3 Bxe3 26. Rxe3
fxe6 27. e5 Qf7 28. c5 Rd5 29. cxb6 axb6 30. Rxb6 Rb5 31. Rb3 Rxb6 32. Rxb6
Rf8 33. Qb2 Bc8 34. Rxc6 h5 35. Bf3 Bb7 36. Rc3 Ba6 37. Qb6 Bc8 38. Rc7 Qg6
39. Qc6 Ba6 40. Qxa6 Rxf3 41. Qa8+ Rf8 42. Rc8 Rxc8 43. Qxc8+ Kh7 44. Qc4
Qb1+ 45. Kh2 Qb2 46. f4 Qd2 47. Qe4+ g6 48. a4 Kh6 49. Qc4 h4 50. Qe4 Kg7
51. Qb7+ Kh6 52. Qf3 Kg7 53. Qg4 Qe1 54. a5 Qxa5 55. Qxh4 Qd2 56. Qe7+ Kh6
57. Qh4+ Kg7 58. Qg4 Qb4 59. f5 1-0

[Event "Gotth' Art Cup GM"]
[Site "Szentgotthard HUN"]
[Date "2010.02.22"]
[Round "1"]
[White "Bokros,A"]
[Black "Vajda,Le"]
[Result "1/2-1/2"]
[WhiteElo "2479"]
[BlackElo "2519"]
[EventDate "2010.02.22"]

1. e4 e5 2. Nf3 Nc6 3. Bb5 a6 4. Ba4 Nf6 5. O-O Be7 6. Qe2 b5 7. Bb3 O-O 8.
c3 d5 9. d3 dxe4 10. dxe4 Bg4 11. h3 Bh5 12. Re1 Qc8 13. Nbd2 Na5 14. Bc2
Nd7 1/2-1/2

[Event "Gotth' Art Cup GM"]
[Site "Szentgotthard HUN"]
[Date "2010.02.22"]
[Round "1"]
[White "Fodor,T jr"]
[Black "Banusz,T"]
[Result "0-1"]
[WhiteElo "2417"]
[BlackElo "2517"]
[EventDate "2010.02.22"]

1. d4 Nf6 2. c4 e6 3. g3 d5 4. Nf3 dxc4 5. Bg2 Bb4+ 6. Bd2 a5 7. a4 Nc6 8.
Bc3 e5 9. O-O exd4 10. Nxd4 Nxd4 11. Qxd4 Qxd4 12. Bxd4 c6 13. Rc1 Be6 14.
Na3 O-O-O 15. e3 Rxd4 16. exd4 Bxa3 17. Rxa3 Rd8 18. Rd1 Nd7 19. Bf3 Nb6
20. Be2 Kc7 21. f3 Bf5 22. Kf2 Bc2 23. Rc1 Bb3 24. Ke3 Re8+ 25. Kd2 Kd6 26.
Rc3 Re7 27. Bd1 Bxd1 28. Kxd1 Nd5 29. Rc1 c3 30. Raxc3 Nxc3+ 31. bxc3 Kd5
32. Kd2 Kc4 33. Ra1 b6 34. Ra3 c5 35. Ra1 Rd7 36. Rb1 cxd4 37. Rxb6 dxc3+
38. Kc1 Re7 39. Rb5 Re1+ 40. Kc2 Re2+ 41. Kc1 Rxh2 42. Rxa5 Rh3 43. Rf5
Rxg3 44. a5 Rg1+ 45. Kc2 Rg2+ 46. Kc1 f6 0-1

[Event "Gotth' Art Cup GM"]
[Site "Szentgotthard HUN"]
[Date "2010.02.23"]
[Round "2"]
[White "Banusz,T"]
[Black "Rapport,R"]
[Result "0-1"]
[WhiteElo "2517"]
[BlackElo "2444"]
[EventDate "2010.02.22"]

1. Nf3 Nf6 2. c4 c5 3. Nc3 Nc6 4. d4 cxd4 5. Nxd4 e6 6. a3 Be7 7. e4 O-O 8.
Nc2 b6 9. f4 Bb7 10. Bd3 Rc8 11. Qe2 Na5 12. Be3 Ba6 13. e5 Ne8 14. Nb5 d5
15. cxd5 Qxd5 16. Nb4 Bxb4+ 17. axb4 Bxb5 18. Bxb5 Nc4 19. Bxc4 Rxc4 20.
O-O Nc7 21. Rfc1 Rxc1+ 22. Rxc1 Qd7 23. Qc4 Nd5 24. Bf2 Ne7 25. g3 Rc8 26.
Qf1 Rxc1 27. Qxc1 h5 28. Qc4 Qd1+ 29. Kg2 Nd5 30. Qc8+ Kh7 31. Qe8 Qe2 32.
Kg1 h4 33. Qd8 Qd1+ 0-1

[Event "Gotth' Art Cup GM"]
[Site "Szentgotthard HUN"]
[Date "2010.02.23"]
[Round "2"]
[White "Vajda,Le"]
[Black "Fodor,T jr"]
[Result "1-0"]
[WhiteElo "2519"]
[BlackElo "2417"]
[EventDate "2010.02.22"]

1. e4 e5 2. Nf3 Nc6 3. Bb5 a6 4. Ba4 Nf6 5. O-O Be7 6. Re1 b5 7. Bb3 d6 8.
c3 O-O 9. d4 Bg4 10. Be3 exd4 11. cxd4 d5 12. e5 Ne4 13. Nc3 Nxc3 14. bxc3
Bh5 15. h3 Qd7 16. Kh2 Na5 17. Bc2 Nc4 18. g4 Bg6 19. Bxg6 hxg6 20. Bf4 a5
21. Re2 Ra6 22. Qd3 b4 23. Bg5 f6 24. exf6 Bxf6 25. Kg2 bxc3 26. Qxc3 c5
27. Qd3 Qf7 28. Rf1 Bxd4 29. Nxd4 cxd4 30. Re7 Ne3+ 31. fxe3 1-0

[Event "Gotth' Art Cup GM"]
[Site "Szentgotthard HUN"]
[Date "2010.02.23"]
[Round "2"]
[White "Ftacnik,L"]
[Black "Bokros,A"]
[Result "1-0"]
[WhiteElo "2546"]
[BlackElo "2479"]
[EventDate "2010.02.22"]

1. d4 d5 2. c4 e6 3. Nf3 Nf6 4. Nc3 Bb4 5. Bg5 h6 6. Bxf6 Qxf6 7. e3 O-O 8.
Rc1 dxc4 9. Bxc4 c5 10. dxc5 Bxc5 11. O-O Qe7 12. a3 Nc6 13. Qc2 Bd7 14.
Rfd1 Rfd8 15. Ba2 Bb6 16. Bb1 g6 17. h4 Be8 18. h5 f5 19. hxg6 Bxg6 20. Na4
Rxd1+ 21. Rxd1 Rd8 22. Nxb6 axb6 23. Ba2 Rxd1+ 24. Qxd1 Bf7 25. Qa4 Qd8 26.
b4 Ne7 27. Qb5 Qd6 28. Qe5 Qxe5 29. Nxe5 Nc8 30. Nd7 Kg7 31. f4 Bg8 32. Kf2
Kf7 33. Ke2 Ke7 34. Ne5 Bf7 35. Nxf7 Kxf7 36. Kd3 Ke7 37. Kd4 Kd6 38. e4
Ne7 39. Bb1 Nc6+ 40. Kc4 Ne7 41. exf5 exf5 42. g3 Nd5 43. Kd4 Nf6 44. Bxf5
Nh5 45. Be4 Nxg3 46. Bxb7 Ne2+ 47. Ke3 Ng3 48. Kf3 Nf1 49. a4 h5 50. Kf2
Nd2 51. Kg3 Nc4 52. Kh4 Nb2 53. a5 Kc7 54. Ba6 Nd1 55. f5 Ne3 56. f6 1-0

[Event "Gotth' Art Cup GM"]
[Site "Szentgotthard HUN"]
[Date "2010.02.24"]
[Round "3"]
[White "Bokros,A"]
[Black "Prohaszka,P2"]
[Result "1/2-1/2"]
[WhiteElo "2479"]
[BlackElo "2501"]
[EventDate "2010.02.22"]

1. e4 c6 2. d4 d5 3. e5 Bf5 4. Nf3 e6 5. Be2 Nd7 6. O-O Bg6 7. Nbd2 Nh6 8.
Nb3 Nf5 9. Bd2 Be7 10. c3 O-O 11. g4 Nh4 12. Nxh4 Bxh4 13. f4 f6 14. exf6
Nxf6 15. Nc5 Qe7 16. Be3 h6 1/2-1/2

[Event "Gotth' Art Cup GM"]
[Site "Szentgotthard HUN"]
[Date "2010.02.24"]
[Round "3"]
[White "Neubauer,M"]
[Black "Portisch,L"]
[Result "1/2-1/2"]
[WhiteElo "2465"]
[BlackElo "2519"]
[EventDate "2010.02.22"]

1. d4 d5 2. c4 e6 3. Nf3 Nf6 4. g3 Bb4+ 5. Bd2 Be7 6. Bg2 O-O 7. O-O c6 8.
Bf4 Nbd7 9. Nc3 dxc4 10. e4 a6 11. a4 a5 12. Qe2 Bb4 13. Rfd1 Re8 14. Qxc4
Bxc3 15. bxc3 Nxe4 16. Qd3 f5 17. h4 b6 18. Ne5 Nxe5 19. Bxe5 Ba6 20. c4
Rc8 21. Rab1 Re7 22. Qb3 Kh8 23. Qxb6 Bxc4 24. Qxd8+ Rxd8 25. Rb6 Nc3 26.
Ra1 Bd5 27. Bxd5 Nxd5 28. Rxc6 Kg8 29. Rac1 Nb4 30. Rc8 Rxc8 31. Rxc8+ Kf7
32. Ra8 Rd7 33. Rxa5 Nc6 34. Ra6 Nxd4 35. Kg2 Nc2 36. Ra8 Ne1+ 37. Kf1 Nf3
38. Bc3 Rc7 39. Bb4 Rb7 40. Bc5 Nd2+ 41. Ke2 Ne4 42. Bd4 Rd7 43. Ra7 Rxa7
44. Bxa7 Ke7 45. Bd4 g6 46. a5 Kd7 47. a6 Kc6 48. Ke3 Nd6 49. Kd3 Ne4 50.
Be3 e5 51. a7 Kb7 52. Bb6 g5 53. hxg5 Nxg5 54. Kc4 h5 55. Kd5 f4 56. Kxe5
fxg3 57. fxg3 Nf3+ 58. Kf4 Nd2 59. Kg5 Ne4+ 60. Kh4 Nxg3 1/2-1/2

[Event "Gotth' Art Cup GM"]
[Site "Szentgotthard HUN"]
[Date "2010.02.24"]
[Round "3"]
[White "Rapport,R"]
[Black "Vajda,Le"]
[Result "1/2-1/2"]
[WhiteElo "2444"]
[BlackElo "2519"]
[EventDate "2010.02.22"]

1. Nf3 Nf6 2. c4 g6 3. Nc3 Bg7 4. e4 d6 5. d4 O-O 6. Be3 Nbd7 7. Be2 e5 8.
O-O h6 9. d5 a5 10. Nd2 Nh7 11. Qc2 Ng5 12. Kh1 b6 13. a3 f5 14. f3 Nf6 15.
b4 Nh5 16. c5 bxc5 17. bxc5 Nf7 18. cxd6 cxd6 19. Bb5 f4 20. Bf2 g5 21. Be2
Nf6 22. Na4 g4 23. Nb6 Rb8 24. Nxc8 Rxc8 25. Qb3 Rb8 26. Qc3 g3 27. Ba7 Rb7
28. Bg1 gxh2 29. Bf2 Nh5 30. Rfb1 Rc7 31. Nc4 Ng3+ 32. Bxg3 fxg3 33. Qxa5
h5 34. Rb6 Qg5 35. Rc6 Rb7 36. Rb6 Rxb6 37. Qxb6 Rc8 38. a4 h4 39. Qb7 Qd8
40. a5 Rb8 41. a6 Rxb7 42. axb7 Kh7 43. Ra8 Qg5 44. Ra1 Qd8 45. Ra8 1/2-1/2

[Event "Gotth' Art Cup GM"]
[Site "Szentgotthard HUN"]
[Date "2010.02.25"]
[Round "4"]
[White "Prohaszka,P2"]
[Black "Fodor,T jr"]
[Result "1/2-1/2"]
[WhiteElo "2501"]
[BlackElo "2417"]
[EventDate "2010.02.22"]

1. d4 Nf6 2. c4 e6 3. Nf3 Bb4+ 4. Bd2 c5 5. Bxb4 cxb4 6. a3 bxa3 7. Rxa3
O-O 8. e3 d6 9. Be2 Nc6 10. Nc3 b6 11. O-O Bb7 12. Qb1 a5 13. Rd1 Qc8 14.
Nd2 Rd8 15. Bf1 Ba6 16. Na2 d5 17. Rc1 Qb7 18. b4 axb4 19. Nxb4 Nxb4 20.
Qxb4 dxc4 21. Nxc4 Bxc4 22. Rxa8 Rxa8 23. Qxc4 g6 24. g3 Rb8 25. Bg2 Qe7
26. Qb5 Qe8 27. Rc6 h5 28. h3 Qd8 29. h4 Kg7 30. Qe5 Rc8 31. Rxc8 Qxc8 32.
Bf3 Qd8 33. e4 b5 34. d5 exd5 35. exd5 b4 36. d6 b3 37. Qb5 Qxd6 1/2-1/2

[Event "Gotth' Art Cup GM"]
[Site "Szentgotthard HUN"]
[Date "2010.02.25"]
[Round "4"]
[White "Portisch,L"]
[Black "Banusz,T"]
[Result "1/2-1/2"]
[WhiteElo "2519"]
[BlackElo "2517"]
[EventDate "2010.02.22"]

1. d4 d5 2. c4 c6 3. cxd5 cxd5 4. Nf3 Nf6 5. Nc3 Nc6 6. Bf4 a6 7. Rc1 Ne4
8. Ne5 Nxc3 9. Rxc3 e6 10. Nxc6 bxc6 11. a3 Bd6 12. Bxd6 Qxd6 13. e3 O-O
14. Qc2 Bd7 15. Bd3 f5 16. f4 a5 17. O-O a4 18. Rb1 Rfb8 19. h3 1/2-1/2

[Event "Gotth' Art Cup GM"]
[Site "Szentgotthard HUN"]
[Date "2010.02.25"]
[Round "4"]
[White "Neubauer,M"]
[Black "Bokros,A"]
[Result "1/2-1/2"]
[WhiteElo "2465"]
[BlackElo "2479"]
[EventDate "2010.02.22"]

1. d4 e6 2. e4 d5 3. Nc3 dxe4 4. Nxe4 Nd7 5. Nf3 Ngf6 6. Nxf6+ Nxf6 7. c3
c5 8. Be3 cxd4 9. Bxd4 Be7 10. Bd3 Bd7 11. Ne5 Bc6 12. Nxc6 bxc6 13. O-O
O-O 14. Qc2 h6 15. Rad1 Qc7 16. Qe2 Rfd8 17. f4 Nd7 18. Qe4 Nf6 19. Qe2 Nd7
20. Qe4 Nf6 21. Qf3 Nd7 22. Qg4 Bf6 23. Be3 Kf8 24. Qh5 Be7 25. Qe2 Bc5 26.
Bxc5+ Nxc5 27. f5 Nxd3 28. Rxd3 Rxd3 29. Qxd3 Rd8 30. Qe3 exf5 31. Rxf5 Kg8
1/2-1/2

[Event "Gotth' Art Cup GM"]
[Site "Szentgotthard HUN"]
[Date "2010.02.25"]
[Round "4"]
[White "Ftacnik,L"]
[Black "Rapport,R"]
[Result "1/2-1/2"]
[WhiteElo "2546"]
[BlackElo "2444"]
[EventDate "2010.02.22"]

1. Nf3 c5 2. c4 Nf6 3. Nc3 Nc6 4. g3 d5 5. d4 e6 6. cxd5 Nxd5 7. Bg2 cxd4
8. Nxd4 Nxc3 9. bxc3 Nxd4 10. Qxd4 Qxd4 11. cxd4 Bb4+ 12. Bd2 Bxd2+ 13.
Kxd2 Ke7 14. Rhc1 Rd8 15. Rc7+ Rd7 16. Rac1 Kd8 17. Rxd7+ Kxd7 18. e4 b6
19. e5 Rb8 20. Bc6+ Kd8 21. d5 exd5 22. Bxd5 Be6 23. Bxe6 fxe6 24. Rc4 Rb7
25. Rh4 h6 26. Rg4 Ke8 27. Rc4 Rd7+ 28. Ke3 Rd5 29. f4 Ra5 30. a4 Kd7 31.
Ke4 b5 32. axb5 Rxb5 33. f5 a5 34. fxe6+ Kxe6 35. Rc6+ Kf7 36. Ra6 Rb2 37.
h4 Re2+ 38. Kd5 Rd2+ 1/2-1/2

[Event "Gotth' Art Cup GM"]
[Site "Szentgotthard HUN"]
[Date "2010.02.26"]
[Round "5"]
[White "Rapport,R"]
[Black "Prohaszka,P2"]
[Result "1/2-1/2"]
[WhiteElo "2444"]
[BlackElo "2501"]
[EventDate "2010.02.22"]

1. Nf3 d5 2. d4 Nf6 3. c4 c6 4. e3 g6 5. b3 Bg7 6. Bb2 O-O 7. Nbd2 Bf5 8.
Be2 Ne4 9. O-O Nd7 10. Nxe4 Bxe4 11. Ng5 Nf6 12. Nxe4 Nxe4 13. Qc2 Qd7 14.
a4 a5 15. cxd5 cxd5 16. Bb5 Rfc8 17. Qxe4 Qxb5 18. axb5 dxe4 19. Rfc1 Bf8
20. Rc4 e6 21. Rac1 Rd8 22. Rc7 Rab8 23. f3 exf3 24. gxf3 h5 25. f4 Bd6 26.
b6 Kf8 27. Bc3 Ke8 28. Be1 Rd7 29. R7c4 Ra8 30. Ra1 Rdd8 31. Bxa5 Kd7 32.
Raa4 Rdc8 33. Kf1 Be7 34. Ke2 Bd8 35. Kd3 Rxc4 36. Kxc4 Kc6 37. e4 Rc8 38.
Kd3 Kb5 39. Bd2 Kxb6 40. Ba5+ Kb5 41. Bxd8 Rxd8 42. Rc4 Kb6 43. h4 Ra8 44.
Ra4 Rd8 45. Ke3 Kc7 46. Ra5 Kb6 47. Rg5 Rc8 48. f5 Rc3+ 49. Kf4 gxf5 50.
exf5 Rxb3 51. Rxh5 Rb5 52. Ke4 Kc6 53. Rg5 f6 54. Rh5 Kd6 55. Rh7 Rxf5 56.
Rxb7 Rh5 57. Rb6+ Kd7 58. Kd3 Rxh4 59. d5 Rh8 60. Kd2 Rh5 61. Ke3 Rh8 62.
Ke4 Rh5 1/2-1/2

[Event "Gotth' Art Cup GM"]
[Site "Szentgotthard HUN"]
[Date "2010.02.26"]
[Round "5"]
[White "Bokros,A"]
[Black "Portisch,L"]
[Result "1/2-1/2"]
[WhiteElo "2479"]
[BlackElo "2519"]
[EventDate "2010.02.22"]

1. e4 e5 2. Nf3 Nc6 3. Bb5 Nf6 4. d4 exd4 5. O-O Be7 6. e5 Ne4 7. Re1 Nc5
8. Nxd4 Nxd4 9. Qxd4 O-O 10. Nc3 c6 11. Bf1 Ne6 12. Qe4 f5 13. Qf3 Qc7 14.
Bc4 Kh8 15. Bxe6 dxe6 16. Qg3 b5 17. Bg5 Bc5 18. Rad1 Qf7 19. Ne2 Bb7 20.
Be3 Bb4 21. c3 Ba5 22. Bc5 Rfd8 23. Qe3 Rxd1 24. Rxd1 Bc7 25. Bxa7 Rg8 26.
Bb6 Bb8 27. Bc5 Bc8 28. Rd2 h6 29. f4 Kh7 30. Nd4 Qb7 31. Nf3 Bc7 32. h3
Bb8 33. Kh2 Qf7 34. a3 Re8 35. Rd3 Rg8 36. Qd2 Bc7 37. Qf2 Bb8 38. Qh4 Qe8
39. Qe7 Qxe7 40. Bxe7 Re8 41. Bc5 Bc7 42. Kg1 Kg8 43. Kf2 Rd8 44. Rxd8+
Bxd8 45. Nd4 Bd7 46. Ke3 Bh4 47. Kf3 Kf7 48. g3 Bd8 49. Ke3 g5 50. b3 gxf4+
51. gxf4 Kg6 52. c4 bxc4 53. bxc4 Kh5 54. Bf8 Kh4 55. Bxh6 Kxh3 56. Bg5 Bb6
57. Be7 Kg3 58. c5 Ba5 59. a4 Bb4 60. Nb3 Bc8 61. a5 Be1 62. Ke2 Bb4 63.
Nd4 Bxa5 64. Nxc6 Ba6+ 65. Kd1 Bc3 66. Bg5 Bb7 67. Nd8 Bd5 68. Kc2 Ba5 69.
c6 Bxd8 70. Bxd8 Bxc6 1/2-1/2

[Event "Gotth' Art Cup GM"]
[Site "Szentgotthard HUN"]
[Date "2010.02.26"]
[Round "5"]
[White "Fodor,T jr"]
[Black "Neubauer,M"]
[Result "0-1"]
[WhiteElo "2417"]
[BlackElo "2465"]
[EventDate "2010.02.22"]

1. d4 Nf6 2. c4 e6 3. Nf3 d5 4. Nc3 Bb4 5. cxd5 exd5 6. Qa4+ Nc6 7. Bg5 h6
8. Bxf6 Qxf6 9. e3 O-O 10. Be2 Be6 11. O-O a6 12. Rfc1 Bd6 13. Qd1 Ne7 14.
Rab1 Bf5 15. Bd3 c6 16. b4 Rfe8 17. Na4 Nc8 18. Nc5 Re7 19. Qc2 Bxd3 20.
Nxd3 Nb6 21. Nde5 Qe6 22. a4 f6 23. Nd3 Nc4 24. Qa2 Qf5 25. Rd1 Qh5 26.
Nde1 g5 27. g3 Qg4 28. Kg2 Qe4 29. Kg1 f5 30. Nd2 Nxd2 31. Qxd2 f4 32. exf4
gxf4 33. Ng2 Rae8 34. b5 axb5 35. axb5 Qf5 36. bxc6 fxg3 37. f4 Re2 38. Qd3
gxh2+ 39. Kh1 Qg4 0-1

[Event "Gotth' Art Cup GM"]
[Site "Szentgotthard HUN"]
[Date "2010.02.26"]
[Round "5"]
[White "Banusz,T"]
[Black "Vajda,Le"]
[Result "1-0"]
[WhiteElo "2517"]
[BlackElo "2519"]
[EventDate "2010.02.22"]

1. Nf3 Nf6 2. c4 g6 3. Nc3 Bg7 4. d4 d6 5. g3 O-O 6. Bg2 Nbd7 7. O-O e5 8.
h3 Re8 9. e4 exd4 10. Nxd4 a6 11. Be3 Rb8 12. a4 Ne5 13. b3 Nfd7 14. Ra2
Nc5 15. Rd2 Nc6 16. Nde2 b6 17. Nd4 Bb7 18. Re1 a5 19. Ndb5 Nb4 20. Bd4
Bxd4 21. Rxd4 Re7 22. Re3 Qf8 23. Nd5 Nxd5 24. cxd5 Rbe8 25. Qc2 Bc8 26. b4
axb4 27. Rxb4 f5 28. e5 Rxe5 29. Rxe5 Rxe5 30. Nxc7 f4 31. Rxf4 Bf5 32. Qd2
Qh6 33. Ne6 Nd3 34. Rxf5 1-0

[Event "Gotth' Art Cup GM"]
[Site "Szentgotthard HUN"]
[Date "2010.02.27"]
[Round "6"]
[White "Neubauer,M"]
[Black "Rapport,R"]
[Result "0-1"]
[WhiteElo "2465"]
[BlackElo "2444"]
[EventDate "2010.02.22"]

1. d4 e6 2. e4 d5 3. Nc3 Bb4 4. exd5 exd5 5. Bd3 Nf6 6. Nge2 O-O 7. O-O c6
8. Ng3 Bg4 9. Nce2 Re8 10. Bf4 Nbd7 11. c3 Bf8 12. Qc2 g6 13. f3 Be6 14.
Rae1 Qb6 15. b4 a5 16. a3 Be7 17. Bc1 Ne5 18. f4 Nxd3 19. Qxd3 Qa6 20. Qxa6
Rxa6 21. f5 gxf5 22. Nxf5 Bxf5 23. Rxf5 axb4 24. axb4 Ra1 25. Ref1 Ne4 26.
Bh6 Rxf1+ 27. Rxf1 Ra8 28. Rc1 Bh4 29. g3 Bf6 30. Rc2 b5 31. Kg2 Ra3 32.
Kf3 Be7 33. Kg4 f6 34. Kf5 Kf7 35. Bf4 Bf8 36. g4 Ra1 37. Nc1 Ra3 38. Ne2
Be7 39. h4 Rb3 40. h5 Ra3 41. Bh6 Ra8 42. Bf4 Ra3 43. Bh6 Ra1 44. Nc1 Rb1
45. Bf4 Ra1 46. Bh6 Ng3+ 47. Kf4 Bd6+ 48. Kf3 Ne4 49. Ra2 Rxa2 50. Nxa2 Be7
51. Be3 Ke6 52. Bf2 f5 53. Be1 Bg5 0-1

[Event "Gotth' Art Cup GM"]
[Site "Szentgotthard HUN"]
[Date "2010.02.27"]
[Round "6"]
[White "Bokros,A"]
[Black "Fodor,T jr"]
[Result "1/2-1/2"]
[WhiteElo "2479"]
[BlackElo "2417"]
[EventDate "2010.02.22"]

1. e4 e5 2. Nf3 Nc6 3. Bb5 a6 4. Ba4 Nf6 5. O-O Be7 6. Re1 b5 7. Bb3 d6 8.
c3 O-O 9. d3 Na5 10. Bc2 c5 11. Nbd2 Qc7 12. Nf1 Re8 13. h3 Bf8 14. Bg5 Nd7
15. Ne3 Nb6 16. b4 Nc6 17. a3 Be6 18. d4 cxd4 19. cxd4 exd4 20. Nxd4 Nxd4
21. Qxd4 Nc4 22. Rac1 1/2-1/2

[Event "Gotth' Art Cup GM"]
[Site "Szentgotthard HUN"]
[Date "2010.02.27"]
[Round "6"]
[White "Ftacnik,L"]
[Black "Banusz,T"]
[Result "1/2-1/2"]
[WhiteElo "2546"]
[BlackElo "2517"]
[EventDate "2010.02.22"]

1. d4 d5 2. c4 c6 3. Nf3 Nf6 4. e3 Bf5 5. Nc3 e6 6. Nh4 Be4 7. f3 Bg6 8.
Qb3 Qc7 9. Bd2 Nbd7 10. cxd5 Nxd5 11. e4 N5b6 12. O-O-O O-O-O 13. Kb1 Kb8
14. Rc1 Ka8 15. g3 Qd6 16. Nxg6 hxg6 17. Ne2 Be7 18. Bg2 g5 19. f4 gxf4 20.
gxf4 Rh5 21. f5 Bg5 22. Bb4 Qb8 23. Rcg1 exf5 24. Qxf7 Rxh2 25. e5 Rxh1 26.
Bxh1 Nxe5 27. Qxf5 Be3 28. Rxg7 Bxd4 29. Be7 Nec4 30. Rf7 Rh8 31. Bg2 Bxb2
32. Qe6 Qe5 33. Qxe5 Bxe5 34. Rf8+ Rxf8 35. Bxf8 Nd5 36. Bh3 b6 37. Be6 Kb7
38. Kc2 Bd6 39. Bh6 b5 40. Nd4 Kb6 41. Bc1 Ne5 42. Bh6 a5 43. Nf5 Bc5 44.
Bg5 b4 45. Ng3 Kb5 46. Ne4 Be7 47. Bc1 a4 48. Bb2 Nc4 49. Bd4 Nd6 50. Nxd6+
Bxd6 51. Bf2 Kc4 52. Be1 b3+ 53. axb3+ axb3+ 54. Kb1 Be5 55. Bf7 Bc3 56.
Bg3 Kb4 57. Bd6+ Ka4 58. Be8 Kb5 59. Bf7 Bb4 60. Bxb4 Kxb4 61. Kb2 Kc4 62.
Be8 Kb4 63. Bf7 Kc4 64. Be8 Nb6 65. Bf7+ Nd5 1/2-1/2

[Event "Gotth' Art Cup GM"]
[Site "Szentgotthard HUN"]
[Date "2010.03.01"]
[Round "7"]
[White "Banusz,T"]
[Black "Prohaszka,P2"]
[Result "1-0"]
[WhiteElo "2517"]
[BlackElo "2501"]
[EventDate "2010.02.22"]

1. d4 d5 2. Nf3 Nf6 3. c4 c6 4. Nc3 dxc4 5. a4 Bf5 6. Ne5 Nbd7 7. Nxc4 Nb6
8. Ne5 a5 9. e3 g6 10. Bd3 Be6 11. O-O Bg7 12. Qe2 O-O 13. Rd1 Nbd5 14. e4
Nb4 15. Bc4 Qc8 16. b3 Ne8 17. Bf4 Nd6 18. Rac1 Bxc4 19. bxc4 f5 20. exf5
Qxf5 21. Bg3 Rad8 22. Nf3 Rd7 23. d5 Bxc3 24. Rxc3 Ne4 25. Re3 cxd5 26. Be5
e6 27. Rxe4 Qxe4 28. Qxe4 dxe4 29. Rxd7 Rf5 30. Rg7+ Kf8 31. Rxh7 exf3 32.
Bd6+ Ke8 33. Rxb7 Nc6 34. g4 Rf7 35. Rxf7 Kxf7 36. h4 e5 37. Kh2 Ke6 38.
Bc7 g5 39. hxg5 Kd7 40. Bb6 e4 41. Kg3 Ne5 42. Bxa5 Nxc4 43. Bc3 Ke6 44. a5
e3 45. fxe3 Nxe3 46. Kxf3 Nd5 47. a6 Nc7 48. a7 Kf7 49. Ba5 Na8 50. Ke4 Kg6
51. Kd5 Kxg5 52. Kc6 Kxg4 53. Kb7 1-0

[Event "Gotth' Art Cup GM"]
[Site "Szentgotthard HUN"]
[Date "2010.03.01"]
[Round "7"]
[White "Vajda,Le"]
[Black "Ftacnik,L"]
[Result "1/2-1/2"]
[WhiteElo "2519"]
[BlackElo "2546"]
[EventDate "2010.02.22"]

1. e4 c5 2. c3 d5 3. exd5 Qxd5 4. d4 g6 5. Nf3 Bg7 6. dxc5 Qxc5 7. Be3 Qc7
8. Na3 a6 9. Bc4 Nf6 10. Qa4+ Nc6 11. Bf4 Qa5 12. Qxa5 Nxa5 13. Be2 O-O 14.
Nc4 Nd5 15. Be5 Nc6 16. Bxg7 Kxg7 17. g3 b5 18. Nce5 Nxe5 19. Nxe5 Nb6 20.
O-O-O Bb7 1/2-1/2

[Event "Gotth' Art Cup GM"]
[Site "Szentgotthard HUN"]
[Date "2010.03.02"]
[Round "8"]
[White "Prohaszka,P2"]
[Black "Vajda,Le"]
[Result "1/2-1/2"]
[WhiteElo "2501"]
[BlackElo "2519"]
[EventDate "2010.02.22"]

1. d4 Nf6 2. c4 g6 3. Nc3 Bg7 4. e4 d6 5. Bd3 Nc6 6. Nge2 e5 7. d5 Nd4 8.
Nxd4 exd4 9. Ne2 O-O 10. O-O Re8 11. f3 c5 12. Bg5 h6 13. Bh4 a5 14. h3 Qc7
15. Qd2 Qe7 16. Qc2 g5 17. Bg3 Nh5 18. Bh2 Be5 19. f4 gxf4 20. Nxf4 Ng7 21.
Rf3 a4 22. Raf1 Bd7 23. Qf2 Rf8 24. Bg3 Qe8 25. Ne2 f6 26. Bh4 b5 27. Bxf6
bxc4 28. Bxc4 Bb5 29. Bxb5 Qxb5 30. Bxe5 Rxf3 31. Qxf3 dxe5 32. Qf7+ Kh7
33. Ng3 Qe8 34. Nh5 Qxf7 35. Rxf7 Kg6 36. Rxg7+ Kxh5 37. Re7 Kg5 38. g3 c4
39. Rxe5+ Kf6 40. Re6+ Kf7 41. Rc6 a3 42. bxa3 c3 43. Kf2 Rxa3 44. e5 Ra5
45. Ke2 Rxd5 46. e6+ Ke7 47. Kd3 h5 48. a3 Kf6 49. a4 Ke7 50. h4 Kf6 51. a5
Rxa5 52. Kxd4 Ra3 53. Kd5 c2 54. Rxc2 Rd3+ 55. Kc4 Rxg3 56. Re2 Ke7 57. Kd5
Rg4 58. Ra2 Rxh4 59. Ra7+ Ke8 60. Ra8+ Ke7 61. Ra7+ Ke8 62. e7 Rb4 63. Ke6
Rb6+ 64. Kf5 h4 65. Kg4 Rb4+ 66. Kh3 Re4 67. Rb7 Rxe7 68. Rxe7+ Kxe7 69.
Kxh4 1/2-1/2

[Event "Gotth' Art Cup GM"]
[Site "Szentgotthard HUN"]
[Date "2010.03.02"]
[Round "8"]
[White "Neubauer,M"]
[Black "Banusz,T"]
[Result "1/2-1/2"]
[WhiteElo "2465"]
[BlackElo "2517"]
[EventDate "2010.02.22"]

1. d4 Nf6 2. c4 e6 3. Nc3 Bb4 4. Qc2 O-O 5. e4 d6 6. e5 dxe5 7. dxe5 Ng4 8.
Nf3 Nc6 9. a3 Bc5 10. Ne4 Nd4 11. Nxd4 Bxd4 12. Bg5 Bxf2+ 13. Qxf2 Nxf2 14.
Bxd8 Nxe4 15. Bxc7 b6 16. a4 Ba6 17. a5 Rfc8 18. Bd6 Nxd6 19. exd6 Rd8 20.
axb6 axb6 21. Be2 Bb7 22. Kf2 Rxd6 23. Rxa8+ Bxa8 24. Ra1 Rd8 25. Ra6 Rb8
26. Bf3 Bxf3 27. Kxf3 g5 28. Ke4 Kg7 29. b4 Kf6 30. g4 Rb7 31. Ra8 Rc7 32.
Kd4 e5+ 33. Kd5 Rd7+ 34. Kc6 Rd4 35. Kb5 Rxg4 36. Ra6 e4 37. c5 Ke7 38.
Ra7+ Kd8 39. cxb6 e3 40. Ra8+ Kd7 41. b7 e2 42. Rd8+ Ke7 43. Re8+ Kxe8 44.
b8=Q+ Kd7 45. Qe5 Rg2 46. Kc4 f6 47. Qd5+ Ke7 48. Qe4+ Kd6 49. Qd4+ Ke7 50.
Qe3+ Kf7 51. Kd3 Rxh2 52. Kd2 h5 53. Qg3 Rh1 54. Kxe2 h4 55. Qc7+ Kg6 56.
b5 h3 57. b6 h2 58. Qc6 Rg1 59. b7 h1=Q 60. Qxh1 Rxh1 61. b8=Q Rh4 62. Kf3
Rf4+ 63. Kg3 Kg7 64. Qe8 Rh4 65. Qe7+ Kg6 66. Qf8 Rf4 67. Qg8+ Kf5 68. Qh7+
Ke6 69. Qg6 Ke7 70. Qg8 Rh4 71. Kf3 Rf4+ 72. Ke3 Rh4 73. Qg7+ Ke6 74. Qg6
Ke7 75. Kf3 Rf4+ 76. Kg3 Rh4 77. Qg7+ Ke6 78. Qf8 Rf4 79. Qe8+ Kf5 80. Qf7
Rh4 81. Qd7+ Kg6 82. Qe8+ Kg7 83. Qe7+ Kg6 84. Qf8 Rf4 85. Qe7 Rh4 86. Qe8+
Kg7 87. Qe7+ 1/2-1/2